Financial Training: Study Pack Regulatory Framework of Accounting. (Record no. 1513)

MARC details
005 - DATE AND TIME OF LATEST TRANSACTION
control field 20250416112941.0
020 ## - INTERNATIONAL STANDARD BOOK NUMBER
International Standard Book Number 1 85179 221 X
082 ## - DEWEY DECIMAL CLASSIFICATION NUMBER
Classification number 657.3 FIN
111 ## - MAIN ENTRY--MEETING NAME
Meeting name or jurisdiction name as entry element ACCA
245 ## - TITLE STATEMENT
Title Financial Training: Study Pack Regulatory Framework of Accounting.
260 ## - PUBLICATION, DISTRIBUTION, ETC.
Place of publication, distribution, etc. London,
Name of publisher, distributor, etc. Da Costa Print,
Date of publication, distribution, etc. 1990.
300 ## - PHYSICAL DESCRIPTION
Extent Xiv,75p.: ill.;
Other physical details Index,
Dimensions 29cm.
942 ## - ADDED ENTRY ELEMENTS (KOHA)
Source of classification or shelving scheme Dewey Decimal Classification
Koha item type Books
Holdings
Date last seen Total checkouts Full call number Barcode Cost, replacement price Price effective from Koha item type Lost status Source of classification or shelving scheme Damaged status Not for loan Withdrawn status Home library Current library Shelving location Date acquired Cost, normal purchase price
04/16/2025   657.3 ACC 0000005821 30000.00 04/16/2025 Books   Dewey Decimal Classification       College of Business Education Main Library College of Business Education Main Library General Collection 04/16/2025 10000.00